000
00298nam a22001337a 4500
008
171016b xxu||||| |||| 00| 0 eng d
020
_a
0198770766
041
_a
eng
080
_a
33
100
_a
52
101
_a
ECO
245
_a
THE ECONOMICS OF INEQUALITY
_c
ATKINSON.A.B
942
_2
udc
_c
BK
999
_c
34034
_d
34034